Gods of air and darkness

Bibliographic Details
Main Author: Mooney, Richard
Format: Book
Published: London : The Scientific Book Club , 1976
Subjects:

MARC

LEADER 00000cam a2200000 7i4500
001 0000016086
002 000017563
005 20000330.0
020 |a T000001522 
090 0 0 |a 291.41   |b MOO 
100 0 |a Mooney, Richard 
245 1 0 |a Gods of air and darkness   |c Richard Mooney 
260 |a London :   |b The Scientific Book Club ,   |c 1976 
300 |a 203 p. ;   |c 23 cm. 
650 0 0 |a God 
650 0 0 |a Religions 
999 |a 0010315   |b BUKU   |c PINJAMAN   |e PERPUSTAKAAN KOMUNITI PETALING JAYA